|
|
|
|
| LEADER |
03071nam a22003853i 4500 |
| 001 |
EBC7024814 |
| 003 |
MiAaPQ |
| 005 |
20231204023226.0 |
| 006 |
m o d | |
| 007 |
cr cnu|||||||| |
| 008 |
231204s2022 xx o ||||0 ger d |
| 020 |
|
|
|a 9783839462751
|q (electronic bk.)
|
| 020 |
|
|
|z 9783732862757
|
| 035 |
|
|
|a (MiAaPQ)EBC7024814
|
| 035 |
|
|
|a (Au-PeEL)EBL7024814
|
| 035 |
|
|
|a (OCoLC)1334104051
|
| 040 |
|
|
|a MiAaPQ
|b eng
|e rda
|e pn
|c MiAaPQ
|d MiAaPQ
|
| 100 |
1 |
|
|a Küpeli, Ismail.
|
| 245 |
1 |
4 |
|a Die kurdische Frage in der Türkei :
|b Über die gewaltsame Durchsetzung von Nationalstaatlichkeit.
|
| 250 |
|
|
|a 1st ed.
|
| 264 |
|
1 |
|a Bielefeld :
|b transcript,
|c 2022.
|
| 264 |
|
4 |
|c {copy}2022.
|
| 300 |
|
|
|a 1 online resource (257 pages)
|
| 336 |
|
|
|a text
|b txt
|2 rdacontent
|
| 337 |
|
|
|a computer
|b c
|2 rdamedia
|
| 338 |
|
|
|a online resource
|b cr
|2 rdacarrier
|
| 490 |
1 |
|
|a Edition Politik
|
| 505 |
0 |
|
|a Cover -- Inhalt -- Vorwort -- 1. Einleitung -- 1.1 Untersuchungsgegenstand und Fragestellungen -- 1.2 Stand der Forschung und Quellenlage -- 1.3 Anmerkungen zu den Übersetzungen und Transkriptionen -- 1.4 Danksagung -- 2. Theoretischer und methodischer Rahmen -- 2.1 Nation, Nationalismus und Nationalstaat -- 2.2 Politikwissenschaftliche Konfliktanalyse -- 2.3 Kritische Dokumenten- und Quellenanalyse -- 3. Historischer Kontext der sogenannten kurdischen Frage -- 3.1 Die politische und soziale Ordnung des Osmanischen Reiches und die Stellung der Kurd_innen -- 3.2 Der türkische Unabhängigkeitskrieg und die Rolle der Kurd_innen -- 4. Die Gründung des türkischen Nationalstaats -- 4.1 Die Errichtung der Autokratie -- 4.2 Entwürfe der Nation und des Nationalstaats -- 4.3 Die Nation und die Anderen -- 5. Die sogenannten kurdischen Aufstände (1925-1938) -- 5.1 Der Scheich-Said-Aufstand 1925 -- 5.2 Kriegsrecht und Sonderverwaltung -- 5.3 Weitere Militäroperationen 1925-1938 -- 5.4 Der Ararat-Aufstand 1930 -- 5.5 Die Operationen in Dersim 1937-1938 -- 5.6 Zwischenbilanz der Ereignisse zwischen 1925 und 1938 -- 6. Ausblicke -- 6.1 Die Fortsetzung der Homogenisierungspolitik in der Türkei nach 1938 -- 6.2 Die sogenannten kurdischen Aufstände in der türkischen Geschichtsschreibung -- 6.3 Auswege und Empfehlungen -- 6.4 Historisch‐politische Bildung als Werkzeug gegen Nationalismus? -- 6.5 Aspekte der historisch‐politischen Bildung zur sogenannten kurdischen Frage in der Türkei -- 7. Fazit -- Literatur.
|
| 588 |
|
|
|a Description based on publisher supplied metadata and other sources.
|
| 590 |
|
|
|a Electronic reproduction. Ann Arbor, Michigan : ProQuest Ebook Central, 2023. Available via World Wide Web. Access may be limited to ProQuest Ebook Central affiliated libraries.
|
| 655 |
|
4 |
|a Electronic books.
|
| 776 |
0 |
8 |
|i Print version:
|a Küpeli, Ismail
|t Die kurdische Frage in der Türkei
|d Bielefeld : transcript,c2022
|z 9783732862757
|
| 797 |
2 |
|
|a ProQuest (Firm)
|
| 830 |
|
0 |
|a Edition Politik
|
| 856 |
4 |
0 |
|u https://ebookcentral.proquest.com/lib/matrademy/detail.action?docID=7024814
|z Click to View
|